00416 a2200145 4500020001600000040001300016082000800029100002000037245004000057250001200097260005800109300004400167500001900211650004000230 a 9971513978 aDLCbDLC a515 aApostol, Tom M. a Calculus, Vol. 2c Tom M, Apostol. a2nd ed. aSigapore:b J. Wiley & Sons (Asia) Pte. Ltd.,cc2003. avol,ii. xxii, 673 p. :bill. ;c 24 cm. aIncludes Index a1.Mathematical analysis.2.Calculus.